| 000 | 00755nam a2200241 i 4500 | ||
|---|---|---|---|
| 003 | DO-SdBNP | ||
| 005 | 20260603085518.0 | ||
| 007 | ta | ||
| 008 | 241015b1944 dr abcd| |||| 00| 0 spa d | ||
| 040 |
_aDO-SdBNP _bspa _cBNPHU _erda |
||
| 041 | _aspa | ||
| 082 | 4 |
_axxx _bxxx _222 |
|
| 245 | 0 | 0 |
_aRepública Dominicana : _bálbum estadístico geografico |
| 264 | 1 |
_aCiudad Trujillo, República Dominicana : _beditor no identificado, _c1944. |
|
| 300 |
_a40 Laminas : _bilustraciones, mapas, retratos, graficos ; _c24 cm. |
||
| 336 |
_atexto _btxt _2rdacontent |
||
| 337 |
_asin mediación _bn _2rdamedia |
||
| 338 |
_avolumen _bnc _2rdacarrier |
||
| 500 | _aAño del centenario | ||
| 590 | _aInventariado, 2024/BT | ||
| 910 | _aBtavárez | ||
| 942 |
_2ddc _cLBS1 |
||
| 999 |
_c57864 _d57864 |
||